| 000 | 01147nam a22002657a 4500 | ||
|---|---|---|---|
| 999 |
_c48438 _d48438 |
||
| 005 | 20190404164820.0 | ||
| 008 | 101019t xxu||||| |||| 00| 0 hin d | ||
| 010 | _aB-380840 | ||
| 020 |
_a9789380172071 _c200.00 |
||
| 035 | _aB-380840, B-000726 | ||
| 037 | _bUBH / BL-4 | ||
| 040 | _aDPL | ||
| 082 | _a954 | ||
| 100 |
_aचंद्र, बिपिन _923663 |
||
| 245 |
_aआज़ादी के बाद का भारत: _b1947-2007 / _cबिपिन चंद्र |
||
| 246 |
_aAazadi ke bad ka bharat _bby Bipin Chandra |
||
| 250 | _a4था संस्क. | ||
| 260 |
_aदिल्ली _bहिन्दी माध्यम कार्यान्वय निदेशालय _c2009 |
||
| 270 |
_aदिल्ली विश्वविद्यालय, 10 केवेलरी लेन _bदिल्ली _e110007 |
||
| 300 |
_a771पृ. _c22सेमी (अजिल्द) |
||
| 700 |
_aमुखर्जी, मृदुला _923664 |
||
| 700 |
_aमुखर्जी, आदित्य _923665 |
||
| 942 |
_2ddc _cHN _h954 _mचंद्रबि |
||